[Event "Stuttgart-chB int"]
[Site "Ditzingen"]
[Date "2009.05.23"]
[Round "5"]
[White "Zeyer, Gabriel"]
[Black "Hartmann, Anatoli"]
[Result "1/2-1/2"]
[WhiteElo "1461"]
[BlackElo "1642"]
[PlyCount "71"]
[EventDate "2009.05.21"]
[EventType "swiss"]
[EventRounds "7"]
[EventCountry "GER"]
[SourceTitle "EXT 2018"]
[Source "ChessBase"]
[SourceDate "2017.10.13"]
[SourceVersion "1"]
[SourceVersionDate "2017.10.13"]
[SourceQuality "1"]

1. c4 c6 2. d4 e6 3. Nc3 d5 4. e3 Nf6 5. Nf3 Bb4 6. Bd2 Be7 7. Be2 Nbd7 8. 0-0 0-0 9. a3 Ne4 10. Qc2 Nxd2 11. Nxd2 f5 12. f4 Nf6 13. cxd5 Nxd5 14. Nxd5 cxd5 15. Nf3 Bf6 16. Ne5 Bxe5 17. fxe5 Bd7 18. Qb3 Rb8 19. Rac1 a6 20. Qa2 b5 21. b4 Rc8 22. Qb2 Qb6 23. Rxc8 Rxc8 24. Rc1 Qb7 25. g4 g5 26. Rc2 Rxc2 27. Qxc2 Qc6 28. Qxc6 Bxc6 29. Kf2 Kf7 30. Kg3 Kg6 31. h3 Bd7 32. Bf3 h6 33. Be2 fxg4 34. hxg4 Kf7 35. Bf3 Bc6 36. Kf2 1/2-1/2